India : the next global superpower? / (Record no. 1526257)

MARC details
000 -LEADER
fixed length control field 01192nam a22002897a 4500
005 - DATE AND TIME OF LATEST TRANSACTION
control field 20220409051541.0
008 - FIXED-LENGTH DATA ELEMENTS--GENERAL INFORMATION
fixed length control field 220329b2007 ii f|||e |||| 00| 0 eng d
020 ## - INTERNATIONAL STANDARD BOOK NUMBER
International Standard Book Number 9788174365101 :
Price Rs.395.00
040 ## - CATALOGING SOURCE
Original cataloging agency NLI
Language of cataloging eng
Transcribing agency English Processing Division
041 0# - LANGUAGE CODE
Language code of text/sound track or separate title eng
044 ## - COUNTRY OF PUBLISHING/PRODUCING ENTITY CODE
MARC country code ii
082 04 - DEWEY DECIMAL CLASSIFICATION NUMBER
Edition number 23rd ed.
Classification number 327.54
Book number In 2 bha
100 1# - MAIN ENTRY--PERSONAL NAME
Linkage 880-01
245 10 - TITLE STATEMENT
Linkage 880-02
Title India : the next global superpower? /
Statement of responsibility, etc. edited by Namita Bhandare
260 ## - PUBLICATION, DISTRIBUTION, ETC.
Place of publication, distribution, etc. New Delhi :
Name of publisher, distributor, etc. The Lotus Collection ; an imprint of Roli Books,
Date of publication, distribution, etc. 2007
300 ## - PHYSICAL DESCRIPTION
Extent 252 p. [12] p. of col. plates ;
Dimensions 22 cm.
500 ## - GENERAL NOTE
General note <br/>Discusses the issues and roadblocks to India becoming a world power. This work features speakers including Prime Minister Manmohan Singh, Indian National Congress, President Sonia Gandhi and the President of Afghanistan, Hamid Karzai among others.
650 #0 - SUBJECT ADDED ENTRY--TOPICAL TERM
Topical term or geographic name entry element World politics
Chronological subdivision 1989-
Form subdivision Congresses
650 #0 - SUBJECT ADDED ENTRY--TOPICAL TERM
Topical term or geographic name entry element International relations
651 #0 - SUBJECT ADDED ENTRY--GEOGRAPHIC NAME
Geographic name India
General subdivision Economic conditions
Chronological subdivision 1991-
Form subdivision Congresses
700 1# - ADDED ENTRY--PERSONAL NAME
Personal name Bhandare, Namita,
Relator term edt.
852 ## - LOCATION
Location BB
887 ## - NON-MARC INFORMATION FIELD
Data Entry Operator Name / Verifier Name E. Haque
887 ## - NON-MARC INFORMATION FIELD
Data Entry Operator Name / Verifier Name patil2204
942 ## - ADDED ENTRY ELEMENTS (KOHA)
Source of classification or shelving scheme Dewey Decimal Classification
Koha item type Books
650 #0 - SUBJECT ADDED ENTRY--TOPICAL TERM
9 (RLIN) 1405966
650 #0 - SUBJECT ADDED ENTRY--TOPICAL TERM
9 (RLIN) 678187
651 #0 - SUBJECT ADDED ENTRY--GEOGRAPHIC NAME
9 (RLIN) 855079
700 1# - ADDED ENTRY--PERSONAL NAME
Linkage 880-03
9 (RLIN) 1408041
880 1# - ALTERNATE GRAPHIC REPRESENTATION
Linkage 100-01
Holdings
Withdrawn status Lost status Source of classification or shelving scheme Damaged status Not for loan Collection code Home library Current library Shelving location Date acquired Full call number Barcode Date last seen Price effective from Koha item type
    Dewey Decimal Classification     New English National Library of India National Library of India New English - Main Stack Division 09/12/2021 E 327.54 In 2 bha GIF000049018ENG 29/03/2022 29/03/2022 Books
                                                                           
web counter

Copyright ©2020 The National Library of India, Govt. of India ↔ Hosted by NVLI, MOC ↔ Technology and Design by National Library of India, Ministry of Culture, Govt. of India